LEADER 01010nam0 2200313 450 001 000017911 005 20081021122920.0 010 $a0201100886 010 $a0201101947 100 $a20081021d1986----km-y0itay50------ba 101 0 $aeng 102 $aUS 105 $ay-------001yy 200 1 $aCompilers$eprinciples, techniques, and tools$fAlfred V. Aho, Ravi Sethi, Jeffrey D. Ullman 210 $aReading$cAddison-Wesley$dc1986 215 $aX, 796 p.$d22 cm 225 2 $aAddison-Wesley series in computer science 410 0$12001$aAddison-Wesley series in computer science 500 10$aCompilers$934869 610 1 $aElaboratori elettronici$aCompilatori 676 $a005.453$v20$9Compilatori 700 1$aAho,$bAlfred V.$09703 701 1$aSethi,$bRavi$052914 701 1$aUllman,$bJeffrey D.$f<1942- >$09704 801 0$aIT$bUNIPARTHENOPE$c20081021$gRICA$2UNIMARC 912 $a000017911 951 $aM 005.456/1$bM 1063$cDSA$d2008 996 $aCompilers$934869 997 $aUNIPARTHENOPE LEADER 03420nam 2200649 a 450 001 9910462834203321 005 20200520144314.0 010 $a1-299-10480-0 010 $a90-04-24572-3 024 7 $a10.1163/9789004245723 035 $a(CKB)2670000000333879 035 $a(EBL)1124373 035 $a(OCoLC)828099165 035 $a(SSID)ssj0000822446 035 $a(PQKBManifestationID)11418074 035 $a(PQKBTitleCode)TC0000822446 035 $a(PQKBWorkID)10755108 035 $a(PQKB)11774765 035 $a(MiAaPQ)EBC1124373 035 $a(nllekb)BRILL9789004245723 035 $a(PPN)174589603 035 $a(Au-PeEL)EBL1124373 035 $a(CaPaEBR)ebr10656005 035 $a(CaONFJC)MIL441730 035 $a(EXLCZ)992670000000333879 100 $a20121126d2013 uy 0 101 0 $aeng 135 $aur|n|---||||| 181 $ctxt 182 $cc 183 $acr 200 10$aRenunciation and empowerment of Buddhist nuns in Myanmar-Burma$b[electronic resource] $ebuilding a community of female faithful /$fby Hiroko Kawanami 210 $aLeiden ;$aBoston $cBrill$d2013 215 $a1 online resource (270 p.) 225 0$aSocial sciences in Asia,$x1567-2794 ;$vv. 33 300 $aDescription based upon print version of record. 311 $a90-04-23440-3 320 $aIncludes bibliographical references and index. 327 $aPreliminary Material -- Introduction -- 1 The Spectrum of Female Renunciation -- 2 Motivations for Renunciation -- 3 Becoming a Buddhist Nun -- 4 Political and Legal Provisions -- 5 Religious Transactions with Society -- 6 Scholastic Lineage and Nuns? Education -- 7 Nunneries and Nunnery Schools -- 8 Passing on the Legacy -- Conclusion -- Glossary -- Bibliography -- Index. 330 $aMyanmar-Burma has one of the largest concentrations of Buddhist nuns and monks in the world today. In Renunciation and Empowerment of Buddhist Nuns in Myanmar-Burma , Kawanami traces the nun's scholarly lineage in modern Myanmar history and examines their contemporary religious position in Myanmar?s social and political contexts. Although their religious status may appear ambiguous from a textual viewpoint, it is argued that their large presence is a clear indication as to the important functions Buddhist nuns perform in the monastic community. Sagaing Hill where the main research was conducted, occupies an important educational centre for Myanmar nuns in consolidating their scholarly lineage and spreading the network of dhamma teachers. The book examines transactions that take place in their everyday lives and reveals the essence of their religious lives that make Buddhist nuns an essential bridge between sangha and society. 410 0$aSocial Sciences in Asia$v33. 606 $aMonastic and religious life (Buddhism)$zBurma$zSagaing (Division) 606 $aBuddhist nuns$zBurma$zSagaing (Division) 606 $aBuddhist convents$zBurma$zSagaing (Division) 608 $aElectronic books. 615 0$aMonastic and religious life (Buddhism) 615 0$aBuddhist nuns 615 0$aBuddhist convents 676 $a294.3/657 700 $aKawanami$b Hiroko$0919372 801 0$bMiAaPQ 801 1$bMiAaPQ 801 2$bMiAaPQ 906 $aBOOK 912 $a9910462834203321 996 $aRenunciation and empowerment of Buddhist nuns in Myanmar-Burma$92061944 997 $aUNINA